Online
Catalog

Quiché rebelde : (Record no. 14755)

MARC details
000 -CABECERA
campo de control de longitud fija 01258cam a2200301 a 4500
001 - NÚMERO DE CONTROL
campo de control 000015184
005 - FECHA Y HORA DE LA ÚLTIMA TRANSACCIÓN
campo de control 20200929163957.0
008 - DATOS DE LONGITUD FIJA--INFORMACIÓN GENERAL
campo de control de longitud fija 870226s1978 gt a b 000 0 spa c
035 ## - NÚMERO DE CONTROL DEL SISTEMA
Número de control de sistema (DLC) 87672333
040 ## - FUENTE DE LA CATALOGACIÓN
Centro catalogador/agencia de origen DO-SdBNP
Lengua de catalogación spa
Centro/agencia transcriptor BNPHU
Centro/agencia modificador DLC
050 14 - SIGNATURA TOPOGRÁFICA DE LA BIBLIOTECA DEL CONGRESO
Número de clasificación F1465.2.Q5
Número de documento/Ítem F34x 1978
082 ## - NÚMERO DE LA CLASIFICACIÓN DECIMAL DEWEY
Número de clasificación nn
Número de documento/Ítem F194q
049 ## - FONDOS LOCALES (OCLC)
Fondos de biblioteca BNGR
100 1# - ENTRADA PRINCIPAL--NOMBRE DE PERSONA
Nombre de persona Falla, Ricardo,
Fechas asociadas al nombre 1932-
9 (RLIN) 34392
245 10 - MENCIÓN DE TÍTULO
Título Quiché rebelde :
Resto del título estudio de un movimiento de conversión religiosa, rebelde a las creencias tradicionales, en San Antonio Ilotenanga, Quiché (1948-1970) /
Mención de responsabilidad, etc. Ricardo Falla.
260 ## - PUBLICACIÓN, DISTRIBUCIÓN, ETC.
Lugar de publicación, distribución, etc. San Carlos :
Nombre del editor, distribuidor, etc. Universitaria de Guatemala,
Fecha de publicación, distribución, etc. 1978.
300 ## - DESCRIPCIÓN FÍSICA
Extensión 574 p. :
Otras características físicas il. ;
Dimensiones 18 cm.
490 1# - MENCIÓN DE SERIE
Mención de serie "Realidad nuestra"
Designación de volumen o secuencia 7
500 ## - NOTA GENERAL
Nota general Originalmente presentado como tesis del autor (Ph. D. - Universidad de Texas, 1975) bajo el título: La conversión religiosa.
504 ## - NOTA DE BIBLIOGRAFÍA, ETC.
Nota de bibliografía, etc. Bibliografía: p. [561]-572.
650 #0 - PUNTO DE ACCESO ADICIONAL DE MATERIA--TÉRMINO DE MATERIA
Término de materia o nombre geográfico como elemento de entrada Quiche indians
Subdivisión general Religion.
9 (RLIN) 34393
650 #0 - PUNTO DE ACCESO ADICIONAL DE MATERIA--TÉRMINO DE MATERIA
Término de materia o nombre geográfico como elemento de entrada Catholic action
Subdivisión geográfica Guatemala
-- Quiche.
9 (RLIN) 34394
650 #0 - PUNTO DE ACCESO ADICIONAL DE MATERIA--TÉRMINO DE MATERIA
Término de materia o nombre geográfico como elemento de entrada Indians of central america
Subdivisión geográfica Guatemala
-- Quiche
Subdivisión general Religion.
9 (RLIN) 34395
650 #0 - PUNTO DE ACCESO ADICIONAL DE MATERIA--TÉRMINO DE MATERIA
Término de materia o nombre geográfico como elemento de entrada Conversion.
9 (RLIN) 34396
610 10 - PUNTO DE ACCESO ADICIONAL DE MATERIA--NOMBRE DE ENTIDAD CORPORATIVA
Nombre de entidad corporativa o nombre de jurisdicción como elemento de entrada Catholic Church
Subdivisión geográfica Guatemala
-- Quiche.
9 (RLIN) 34397
830 #0 - PUNTO DE ACCESO ADICIONAL DE SERIE-TÍTULO UNIFORME
Título uniforme "Realidad nuestra" ;
Designación de volumen o secuencia 7
9 (RLIN) 34398
910 ## - DATOS DE OPCIÓN DEL USUARIO (OCLC)
Datos de opción del usuario Catalogación por copia / LC
Holdings
Estado de retiro Estado de pérdida Restricciones de uso No para préstamo Código de colección Localización permanente Ubicación/localización actual Ubicación en estantería Fecha de adquisición Número de inventario Total de préstamos Signatura topográfica completa Código de barras Fecha visto por última vez Precio válido a partir de Tipo de ítem Koha
    Préstamo interno   Monografías: Libros y Folletos General General En catalogación 02.02.2010 LF1   nn F194q 15184-10 25.06.2020 25.06.2020 Préstamo interno

Powered by Koha